Attitude towards computers among secondary school teachers /
Saved in:
| Main Author: | |
|---|---|
| Format: | Thesis Book |
| Language: | English |
| Published: |
1997.
|
| Subjects: | |
| Tags: |
Add Tag
No Tags, Be the first to tag this record!
|
| LEADER | 01050cam a2200277 a 4500 | ||
|---|---|---|---|
| 001 | u414905 | ||
| 003 | SIRSI | ||
| 008 | 850208s1997 my mt 00 1 eng m | ||
| 035 | |a ACD-7171 | ||
| 040 | |a UMM | ||
| 043 | |a a-my--- | ||
| 090 | |a LB1028.5 |b Kho | ||
| 091 | |a Microfiche 13406. | ||
| 100 | 1 | 0 | |a Khoo, Gek Ean. |
| 245 | 1 | 0 | |a Attitude towards computers among secondary school teachers / |c Khoo Gek Ean. |
| 260 | |c 1997. | ||
| 300 | |a xiii, 111 leaves [append.] : |b ill. ; |c 29cm. | ||
| 500 | |a Microfiche. Kuala Lumpur : University of Malaya Library, 1998. 2 fiches : negative ; 11 x 15 cm. | ||
| 502 | |a Dissertation (M.Ed.) - Fakulti Pendidikan, Universiti Malaya, 1997. | ||
| 504 | |a Includes bibliographical references. | ||
| 650 | 0 | |a Teachers |z Malaysia |x Attitudes | |
| 650 | 0 | |a Computer-assisted instruction |x Psychological aspects | |
| 710 | 2 | 0 | |a Universiti Malaya. |b Fakulti Pendidikan. |
| 948 | |a 19/08/1997 |b 25/11/2000 | ||
| 596 | |a 1 | ||
| 999 | |a LB1028.5 KHO |w LC |c 1 |i A507342209 |d 21/9/2013 |e 21/9/2013 |l STACKS |m P01UTAMA |n 58 |r Y |s Y |t TESIS |u 22/10/1997 | ||
